[Event "1st 4NCL Easter Congress"]
[Site "Stevenage"]
[Date "2019.04.22"]
[Round "7"]
[Board "14"]
[White "Varley, Joe"]
[Black "See, Tristian"]
[Result "0-1"]
[WhiteElo "1787"]
[BlackElo "1978"]
[PlyCount "0"]
[EventDate "2019.04.19"]
[EventRounds "7"]
[EventCountry "ENG"]

1. e4 {[%emt 00:11:21]} c5 {[%emt 00:00:05]} 2. Nf3 {[%emt 00:00:06]} d6 {[%emt
00:00:24]} 3. d4 {[%emt 00:00:07]} cxd4 {[%emt 00:00:20]} 4. Nxd4 {[%emt
00:00:07]} Nf6 {[%emt 00:00:44]} 5. Nc3 {[%emt 00:00:07]} g6 {[%emt 00:00:56]}
6. Be3 {[%emt 00:00:16]} Bg7 {[%emt 00:00:09]} 7. f3 {[%emt 00:00:29]} O-O
{[%emt 00:01:02]} 8. Qd2 {[%emt 00:01:16]} Nc6 {[%emt 00:01:20]} 9. a3 {[%emt
00:05:26]} Bd7 {[%emt 00:01:11]} 10. Bc4 {[%emt 00:01:33]} a6 {[%emt 00:02:35]}
11. Ba2 {[%emt 00:02:45]} Rc8 {[%emt 00:02:35]} 12. O-O-O {[%emt 00:01:14]} b5
{[%emt 00:01:49]} 13. Nd5 {[%emt 00:01:53]} Nxd5 {[%emt 00:03:13]} 14. Nxc6
{[%emt 00:01:36]} Bxc6 {[%emt 00:00:42]} 15. exd5 {[%emt 00:00:22]} Bd7 {[%emt
00:00:10]} 16. h4 {[%emt 00:00:51]} h5 {[%emt 00:02:54]} 17. Rdg1 {[%emt
00:05:22]} f5 {[%emt 00:24:04]} 18. c3 {[%emt 00:14:26]} Qa5 {[%emt 00:10:22]}
19. Bd4 {[%emt 00:02:45]} Rf7 {[%emt 00:02:07]} 20. Bxg7 {[%emt 00:05:24]} Rxg7
{[%emt 00:00:50]} 21. Qd4 {[%emt 00:03:18]} Qc7 {[%emt 00:02:23]} 22. g4 {[%emt
00:02:12]} fxg4 {[%emt 00:00:31]} 23. fxg4 {[%emt 00:00:14]} Bxg4 {[%emt
00:01:38]} 24. Rxg4 {[%emt 00:00:07]} hxg4 {[%emt 00:00:05]} 25. Qxg4 {[%emt
00:00:40]} Rf8 {[%emt 00:01:11]} 26. Qe6+ {[%emt 00:02:04]} Rff7 {[%emt
00:02:46]} 27. Rg1 {[%emt 00:08:54]} Qc5 {[%emt 00:03:05]} 28. Rg2 {[%emt
00:04:08]} Kf8 {[%emt 00:01:13]} 29. Qd7 {[%emt 00:08:06]} Qe3+ {[%emt
00:03:22]} 30. Kc2 {[%emt 00:00:59]} Qe4+ {[%emt 00:00:07]}  0-1

[Event "1st 4NCL Easter Congress"]
[Site "Stevenage"]
[Date "2019.04.22"]
[Round "7"]
[Board "15"]
[White "Estevez Fernandez, Josue"]
[Black "Cocks, Elliot"]
[Result "1/2-1/2"]
[WhiteElo "1976"]
[BlackElo "1944"]
[PlyCount "0"]
[EventDate "2019.04.19"]
[EventRounds "7"]
[EventCountry "ENG"]

1. e4 {[%clk 01:30:58]} {[%emt 00:00:01]} c5 {[%clk 01:30:27]} {[%emt
00:00:34]} 2. Nf3 {[%clk 01:31:21]} {[%emt 00:00:07]} Nc6 {[%clk 01:30:38]}
{[%emt 00:00:20]} 3. Bb5 {[%clk 01:31:15]} {[%emt 00:00:36]} g6 {[%clk
01:31:00]} {[%emt 00:00:07]} 4. O-O {[%clk 01:30:56]} {[%emt 00:00:48]} Bg7
{[%clk 01:31:22]} {[%emt 00:00:09]} 5. c3 {[%clk 01:30:39]} {[%emt 00:00:47]}
e5 {[%clk 01:30:12]} {[%emt 00:01:41]} 6. Bxc6 {[%clk 01:29:41]} {[%emt
00:01:28]} dxc6 {[%clk 01:30:34]} {[%emt 00:00:08]} 7. d3 {[%clk 01:29:28]}
{[%emt 00:00:42]} Ne7 {[%clk 01:29:23]} {[%emt 00:01:41]} 8. Be3 {[%clk
01:27:26]} {[%emt 00:02:29]} b6 {[%clk 01:28:09]} {[%emt 00:01:47]} 9. Qd2
{[%clk 01:23:11]} {[%emt 00:04:43]} h6 {[%clk 01:26:10]} {[%emt 00:02:30]} 10.
d4 {[%clk 01:19:04]} {[%emt 00:04:38]} cxd4 {[%clk 01:25:29]} {[%emt 00:01:11]}
11. cxd4 {[%clk 01:19:18]} {[%emt 00:00:17]} exd4 {[%clk 01:25:52]} {[%emt
00:00:06]} 12. Bxd4 {[%clk 01:19:24]} {[%emt 00:00:24]} Bxd4 {[%clk 01:24:17]}
{[%emt 00:02:06]} 13. Qxd4 {[%clk 01:19:24]} {[%emt 00:00:30]} Qxd4 {[%clk
01:24:35]} {[%emt 00:00:11]} 14. Nxd4 {[%clk 01:19:50]} {[%emt 00:00:03]} Ba6
{[%clk 01:24:54]} {[%emt 00:00:13]} 15. Rd1 {[%clk 01:19:18]} {[%emt 00:01:00]}
c5 {[%clk 01:25:13]} {[%emt 00:00:12]}  1/2-1/2

[Event "1st 4NCL Easter Congress"]
[Site "Stevenage"]
[Date "2019.04.22"]
[Round "7"]
[Board "16"]
[White "Burrows, Martin P"]
[Black "Garnett, John S"]
[Result "1-0"]
[WhiteElo "2146"]
[BlackElo "1921"]
[PlyCount "0"]
[EventDate "2019.04.19"]
[EventRounds "7"]
[EventCountry "ENG"]

1. e4 {[%clk 01:30:55]} {[%emt 00:00:04]} d5 {[%clk 01:30:54]} {[%emt
00:00:07]} 2. exd5 {[%clk 01:31:20]} {[%emt 00:00:05]} Nf6 {[%clk 01:31:19]}
{[%emt 00:00:04]} 3. Nf3 {[%clk 01:31:19]} {[%emt 00:00:31]} Bg4 {[%clk
01:31:09]} {[%emt 00:00:40]} 4. Bb5+ {[%clk 01:31:22]} {[%emt 00:00:27]} Nbd7
{[%clk 01:31:11]} {[%emt 00:00:28]} 5. h3 {[%clk 01:30:36]} {[%emt 00:01:15]}
Bh5 {[%clk 01:31:15]} {[%emt 00:00:27]} 6. Nc3 {[%clk 01:29:53]} {[%emt
00:01:14]} a6 {[%clk 01:30:36]} {[%emt 00:01:08]} 7. Be2 {[%clk 01:30:14]}
{[%emt 00:00:09]} Nb6 {[%clk 01:30:13]} {[%emt 00:00:54]} 8. d4 {[%clk
01:30:11]} {[%emt 00:00:33]} Nfxd5 {[%clk 01:29:23]} {[%emt 00:01:19]} 9. Nxd5
{[%clk 01:30:27]} {[%emt 00:00:15]} Qxd5 {[%clk 01:29:00]} {[%emt 00:00:52]} 10.
O-O {[%clk 01:28:48]} {[%emt 00:02:09]} e6 {[%clk 01:26:52]} {[%emt 00:02:38]}
11. b3 {[%clk 01:28:57]} {[%emt 00:00:22]} Be7 {[%clk 01:25:57]} {[%emt
00:01:25]} 12. c4 {[%clk 01:29:10]} {[%emt 00:00:16]} Qd8 {[%clk 01:25:23]}
{[%emt 00:01:04]} 13. Be3 {[%clk 01:26:27]} {[%emt 00:03:14]} O-O {[%clk
01:24:35]} {[%emt 00:01:18]} 14. g4 {[%clk 01:19:06]} {[%emt 00:07:50]} Bg6
{[%clk 01:24:48]} {[%emt 00:00:17]} 15. Ne5 {[%clk 01:19:21]} {[%emt 00:00:15]}
Rc8 {[%clk 01:22:53]} {[%emt 00:02:25]} 16. Bf3 {[%clk 01:17:16]} {[%emt
00:02:35]} c6 {[%clk 01:22:37]} {[%emt 00:00:47]} 17. d5 {[%clk 01:09:49]}
{[%emt 00:07:56]} Bf6 {[%clk 01:19:11]} {[%emt 00:03:56]} 18. Bxb6 {[%clk
01:06:43]} {[%emt 00:03:36]} Qxb6 {[%clk 01:18:55]} {[%emt 00:00:46]} 19. Nd7
{[%clk 01:06:30]} {[%emt 00:00:42]} Qc7 {[%clk 01:15:49]} {[%emt 00:03:37]} 20.
Nxf6+ {[%clk 00:53:57]} {[%emt 00:13:03]} gxf6 {[%clk 01:16:04]} {[%emt
00:00:15]} 21. dxc6 {[%clk 00:54:15]} {[%emt 00:00:12]} bxc6 {[%clk 01:16:18]}
{[%emt 00:00:16]} 22. Qd4 {[%clk 00:54:04]} {[%emt 00:00:41]} f5 {[%clk
01:13:12]} {[%emt 00:03:36]} 23. Rfe1 {[%clk 00:50:30]} {[%emt 00:04:04]} fxg4
{[%clk 01:12:30]} {[%emt 00:01:13]} 24. hxg4 {[%clk 00:50:29]} {[%emt
00:00:30]} Rcd8 {[%clk 01:10:05]} {[%emt 00:02:55]} 25. Qe5 {[%clk 00:47:36]}
{[%emt 00:03:23]} Qb6 {[%clk 01:06:50]} {[%emt 00:03:45]} 26. c5 {[%clk
00:45:31]} {[%emt 00:02:35]} Qb4 {[%clk 01:04:13]} {[%emt 00:03:08]} 27. Rad1
{[%clk 00:44:55]} {[%emt 00:01:05]} Rd3 {[%clk 01:02:12]} {[%emt 00:02:31]} 28.
Rxd3 {[%clk 00:40:55]} {[%emt 00:04:30]} Bxd3 {[%clk 01:02:22]} {[%emt
00:00:20]} 29. Rd1 {[%clk 00:40:42]} {[%emt 00:00:43]} Bg6 {[%clk 01:00:18]}
{[%emt 00:02:33]} 30. Rd6 {[%clk 00:39:57]} {[%emt 00:01:16]} Qa3 {[%clk
00:59:32]} {[%emt 00:01:16]} 31. Rxc6 {[%clk 00:33:39]} {[%emt 00:06:48]} Qxa2
{[%clk 00:59:36]} {[%emt 00:00:26]} 32. Rb6 {[%clk 00:31:59]} {[%emt 00:02:10]}
Qb1+ {[%clk 00:53:54]} {[%emt 00:06:12]} 33. Kg2 {[%clk 00:32:13]} {[%emt
00:00:16]} Qd3 {[%clk 00:53:46]} {[%emt 00:00:38]} 34. b4 {[%clk 00:31:57]}
{[%emt 00:00:46]} f5 {[%clk 00:48:21]} {[%emt 00:05:56]} 35. Qxe6+ {[%clk
00:25:08]} {[%emt 00:07:19]} Rf7 {[%clk 00:42:22]} {[%emt 00:06:28]} 36. Rb8+
{[%clk 00:23:49]} {[%emt 00:01:49]} Kg7 {[%clk 00:42:44]} {[%emt 00:00:08]} 37.
g5 {[%clk 00:23:47]} {[%emt 00:00:32]} h6 {[%clk 00:41:43]} {[%emt 00:01:31]}
38. Qe5+ {[%clk 00:23:58]} {[%emt 00:00:19]}  1-0

[Event "1st 4NCL Easter Congress"]
[Site "Stevenage"]
[Date "2019.04.22"]
[Round "7"]
[Board "17"]
[White "Ansari, Athar"]
[Black "Hutchinson, Norman A"]
[Result "0-1"]
[WhiteElo "1934"]
[BlackElo "2041"]
[PlyCount "0"]
[EventDate "2019.04.19"]
[EventRounds "7"]
[EventCountry "ENG"]

1. d4 {[%clk 01:30:56]} {[%emt 00:00:03]} Nf6 {[%clk 01:30:56]} {[%emt
00:00:04]} 2. Bf4 {[%clk 01:31:16]} {[%emt 00:00:10]} e6 {[%clk 01:31:12]}
{[%emt 00:00:15]} 3. c3 {[%clk 01:31:36]} {[%emt 00:00:10]} c5 {[%clk
01:31:36]} {[%emt 00:00:05]} 4. e3 {[%clk 01:32:00]} {[%emt 00:00:06]} Nc6
{[%clk 01:32:01]} {[%emt 00:00:05]} 5. h3 {[%clk 01:29:19]} {[%emt 00:03:11]}
d5 {[%clk 01:32:21]} {[%emt 00:00:10]} 6. Nf3 {[%clk 01:29:24]} {[%emt
00:00:25]} Bd6 {[%clk 01:32:08]} {[%emt 00:00:43]} 7. Bxd6 {[%clk 01:29:12]}
{[%emt 00:00:42]} Qxd6 {[%clk 01:32:29]} {[%emt 00:00:09]} 8. Bd3 {[%clk
01:28:47]} {[%emt 00:00:55]} c4 {[%clk 01:31:54]} {[%emt 00:01:04]} 9. Bc2
{[%clk 01:29:09]} {[%emt 00:00:07]} b5 {[%clk 01:32:19]} {[%emt 00:00:08]} 10.
Nbd2 {[%clk 01:28:41]} {[%emt 00:00:57]} b4 {[%clk 01:31:46]} {[%emt 00:01:03]}
11. e4 {[%clk 01:28:33]} {[%emt 00:00:38]} bxc3 {[%clk 01:31:46]} {[%emt
00:00:30]} 12. bxc3 {[%clk 01:28:40]} {[%emt 00:00:24]} Qa3 {[%clk 01:32:07]}
{[%emt 00:00:08]} 13. Ba4 {[%clk 01:26:10]} {[%emt 00:02:59]} Bd7 {[%clk
01:32:09]} {[%emt 00:00:29]} 14. Bxc6 {[%clk 01:17:52]} {[%emt 00:08:48]} Bxc6
{[%clk 01:32:31]} {[%emt 00:00:07]} 15. Ne5 {[%clk 01:16:38]} {[%emt 00:01:45]}
Ba4 {[%clk 01:31:19]} {[%emt 00:01:42]} 16. Qc1 {[%clk 01:15:42]} {[%emt
00:01:26]} Qxc1+ {[%clk 01:31:18]} {[%emt 00:00:31]} 17. Rxc1 {[%clk 01:16:05]}
{[%emt 00:00:06]} Rb8 {[%clk 01:31:40]} {[%emt 00:00:08]} 18. exd5 {[%clk
01:15:55]} {[%emt 00:00:40]} exd5 {[%clk 01:31:41]} {[%emt 00:00:29]} 19. O-O
{[%clk 01:16:10]} {[%emt 00:00:17]} O-O {[%clk 01:32:02]} {[%emt 00:00:08]} 20.
Rb1 {[%clk 01:16:05]} {[%emt 00:00:33]} Bc2 {[%clk 01:31:39]} {[%emt 00:00:55]}
21. Rxb8 {[%clk 01:16:21]} {[%emt 00:00:15]} Rxb8 {[%clk 01:31:20]} {[%emt
00:00:47]} 22. a3 {[%clk 01:09:59]} {[%emt 00:06:53]} Rb2 {[%clk 01:25:11]}
{[%emt 00:06:39]} 23. Nc6 {[%clk 01:08:32]} {[%emt 00:01:57]} Ba4 {[%clk
01:25:31]} {[%emt 00:00:10]} 24. Ne7+ {[%clk 01:01:17]} {[%emt 00:07:46]} Kf8
{[%clk 01:25:37]} {[%emt 00:00:23]} 25. Nxd5 {[%clk 01:00:19]} {[%emt
00:01:28]} Rxd2 {[%clk 01:24:14]} {[%emt 00:01:53]} 26. Nxf6 {[%clk 01:00:17]}
{[%emt 00:00:32]} gxf6 {[%clk 01:24:32]} {[%emt 00:00:11]} 27. Rb1 {[%clk
00:59:29]} {[%emt 00:01:19]} Rd1+ {[%clk 01:24:33]} {[%emt 00:00:29]} 28. Rxd1
{[%clk 00:59:33]} {[%emt 00:00:25]} Bxd1 {[%clk 01:24:57]} {[%emt 00:00:07]} 29.
Kh2 {[%clk 00:59:45]} {[%emt 00:00:19]} Ke7 {[%clk 01:24:54]} {[%emt 00:00:32]}
30. Kg3 {[%clk 01:00:11]} {[%emt 00:00:04]} Ke6 {[%clk 01:25:06]} {[%emt
00:00:17]} 31. Kf4 {[%clk 01:00:05]} {[%emt 00:00:37]} Bc2 {[%clk 01:24:34]}
{[%emt 00:01:02]} 32. Kg4 {[%clk 00:59:50]} {[%emt 00:00:44]} Bd3 {[%clk
01:24:39]} {[%emt 00:00:26]} 33. g3 {[%clk 00:59:48]} {[%emt 00:00:32]} Bf5+
{[%clk 01:21:55]} {[%emt 00:03:12]} 34. Kh4 {[%clk 01:00:07]} {[%emt 00:00:12]}
Kd5 {[%clk 01:19:04]} {[%emt 00:03:21]} 35. g4 {[%clk 01:00:14]} {[%emt
00:00:24]} Bd3 {[%clk 01:18:14]} {[%emt 00:01:20]} 36. Kh5 {[%clk 01:00:14]}
{[%emt 00:00:30]} Ke4 {[%clk 01:13:46]} {[%emt 00:04:57]} 37. Kh6 {[%clk
01:00:29]} {[%emt 00:00:16]} Kf4 {[%clk 01:13:24]} {[%emt 00:00:52]} 38. d5
{[%clk 00:56:38]} {[%emt 00:04:22]} Ke5 {[%clk 01:12:39]} {[%emt 00:01:15]} 39.
Kg7 {[%clk 00:56:55]} {[%emt 00:00:12]} f5 {[%clk 01:08:40]} {[%emt 00:04:29]}
40. g5 {[%clk 00:49:49]} {[%emt 00:07:36]} f4 {[%clk 01:08:47]} {[%emt
00:00:24]} 41. Kxf7 {[%clk 00:46:11]} {[%emt 00:04:07]} Kxd5 {[%clk 01:08:53]}
{[%emt 00:00:23]} 42. h4 {[%clk 00:42:38]} {[%emt 00:04:04]} Ke4 {[%clk
01:07:51]} {[%emt 00:01:31]} 43. g6 {[%clk 00:40:40]} {[%emt 00:02:29]} hxg6
{[%clk 01:08:03]} {[%emt 00:00:18]} 44. Kxg6 {[%clk 00:41:06]} {[%emt
00:00:04]} Kf3+ {[%clk 01:07:35]} {[%emt 00:00:57]} 45. Kg5 {[%clk 00:41:30]}
{[%emt 00:00:07]} Bb1 {[%clk 01:07:34]} {[%emt 00:00:31]} 46. h5 {[%clk
00:41:49]} {[%emt 00:00:12]} Bd3 {[%clk 01:07:53]} {[%emt 00:00:10]} 47. h6
{[%clk 00:42:01]} {[%emt 00:00:18]} Bb1 {[%clk 01:08:12]} {[%emt 00:00:10]} 48.
a4 {[%clk 00:41:50]} {[%emt 00:00:42]} a5 {[%clk 01:08:31]} {[%emt 00:00:23]}
 0-1

[Event "1st 4NCL Easter Congress"]
[Site "Stevenage"]
[Date "2019.04.22"]
[Round "7"]
[Board "18"]
[White "Taylor, Robert K"]
[Black "Verma, Shlok"]
[Result "1/2-1/2"]
[WhiteElo "1982"]
[BlackElo "1696"]
[PlyCount "0"]
[EventDate "2019.04.19"]
[EventRounds "7"]
[EventCountry "ENG"]

1. e4 {[%clk 01:30:18]} {[%emt 00:00:42]} e6 {[%clk 01:30:49]} {[%emt
00:00:12]} 2. d4 {[%clk 01:30:43]} {[%emt 00:00:04]} d5 {[%clk 01:31:17]}
{[%emt 00:00:03]} 3. Nc3 {[%clk 01:30:57]} {[%emt 00:00:15]} dxe4 {[%clk
01:31:41]} {[%emt 00:00:06]} 4. Nxe4 {[%clk 01:31:20]} {[%emt 00:00:07]} Bd7
{[%clk 01:32:08]} {[%emt 00:00:03]} 5. Nf3 {[%clk 01:30:59]} {[%emt 00:00:51]}
Bc6 {[%clk 01:32:21]} {[%emt 00:00:18]} 6. Bd3 {[%clk 01:31:01]} {[%emt
00:00:27]} Nd7 {[%clk 01:32:43]} {[%emt 00:00:08]} 7. c3 {[%clk 01:30:33]}
{[%emt 00:00:58]} Ngf6 {[%clk 01:33:06]} {[%emt 00:00:07]} 8. Ned2 {[%clk
01:25:28]} {[%emt 00:05:35]} Be7 {[%clk 01:32:58]} {[%emt 00:00:38]} 9. O-O
{[%clk 01:24:42]} {[%emt 00:01:16]} O-O {[%clk 01:33:19]} {[%emt 00:00:09]} 10.
Nc4 {[%clk 01:24:13]} {[%emt 00:00:59]} b6 {[%clk 01:31:46]} {[%emt 00:02:03]}
11. Bd2 {[%clk 01:22:43]} {[%emt 00:02:00]} Bb7 {[%clk 01:30:38]} {[%emt
00:01:38]} 12. b4 {[%emt 00:06:19]} c5 {[%clk 01:26:32]} 13. Qe2 {[%clk
01:16:16]} {[%emt 00:05:44]} cxb4 {[%clk 01:20:16]} {[%emt 00:06:46]} 14. cxb4
{[%clk 01:16:23]} {[%emt 00:00:24]} Nd5 {[%clk 01:19:08]} {[%emt 00:01:38]} 15.
a3 {[%clk 01:12:28]} {[%emt 00:04:25]} N7f6 {[%clk 01:18:03]} {[%emt 00:01:34]}
16. Rfc1 {[%emt 00:03:51]} Rc8 {[%clk 01:18:00]} 17. Nce5 {[%clk 01:01:03]}
{[%emt 00:09:07]} Qd6 {[%clk 01:14:56]} {[%emt 00:03:34]} 18. Qe1 {[%clk
00:53:28]} {[%emt 00:08:05]} Rxc1 {[%clk 01:14:44]} {[%emt 00:00:43]} 19. Rxc1
{[%clk 00:53:47]} {[%emt 00:00:10]} Rc8 {[%clk 01:15:06]} {[%emt 00:00:08]} 20.
Rxc8+ {[%clk 00:51:13]} {[%emt 00:03:04]} Bxc8 {[%clk 01:15:28]} {[%emt
00:00:07]} 21. Qc1 {[%clk 00:51:10]} {[%emt 00:00:34]} Bd7 {[%clk 01:15:18]}
{[%emt 00:00:40]} 22. Nxd7 {[%clk 00:47:55]} {[%emt 00:03:45]} Qxd7 {[%clk
01:14:04]} {[%emt 00:01:45]} 23. Ne5 {[%clk 00:47:54]} {[%emt 00:00:31]} Qb7
{[%clk 01:14:08]} {[%emt 00:00:25]} 24. Qc6 {[%clk 00:47:48]} {[%emt 00:00:36]}
Qb8 {[%clk 01:13:19]} {[%emt 00:01:20]} 25. g3 {[%clk 00:46:03]} {[%emt
00:02:15]} Bd6 {[%clk 01:12:53]} {[%emt 00:00:56]} 26. f4 {[%clk 00:43:51]}
{[%emt 00:02:42]} Ne7 {[%clk 01:09:59]} {[%emt 00:03:24]} 27. Qf3 {[%clk
00:42:43]} {[%emt 00:01:36]} Ned5 {[%clk 01:08:52]} {[%emt 00:01:38]} 28. Kg2
{[%clk 00:32:26]} {[%emt 00:10:48]} Qc7 {[%clk 01:08:16]} {[%emt 00:01:05]} 29.
h3 {[%clk 00:31:22]} {[%emt 00:01:35]} a5 {[%clk 01:06:14]} {[%emt 00:02:32]}
30. bxa5 {[%clk 00:26:53]} {[%emt 00:04:59]} bxa5 {[%clk 01:06:34]} {[%emt
00:00:11]} 31. Nc4 {[%clk 00:26:44]} {[%emt 00:00:38]} Qe7 {[%clk 01:05:43]}
{[%emt 00:01:21]} 32. Bxa5 {[%clk 00:26:17]} {[%emt 00:00:57]} g6 {[%clk
01:05:50]} {[%emt 00:00:23]} 33. a4 {[%clk 00:24:19]} {[%emt 00:02:28]} Bb4
{[%clk 01:05:32]} {[%emt 00:00:48]} 34. Bxb4 {[%clk 00:21:14]} {[%emt
00:03:36]} Qxb4 {[%clk 01:05:26]} {[%emt 00:00:35]} 35. a5 {[%clk 00:20:14]}
{[%emt 00:01:30]} Qc3 {[%clk 01:04:17]} {[%emt 00:01:38]} 36. Be2 {[%clk
00:15:45]} {[%emt 00:04:58]} Qxd4 {[%clk 01:02:25]} {[%emt 00:02:24]} 37. Qd3
{[%clk 00:16:05]} {[%emt 00:00:10]} Qa7 {[%clk 00:59:45]} {[%emt 00:03:09]} 38.
Bf3 {[%clk 00:14:38]} {[%emt 00:01:57]} Qa6 {[%clk 00:58:23]} {[%emt 00:01:53]}
39. Be2 {[%clk 00:14:17]} {[%emt 00:00:52]} Qa8 {[%clk 00:58:04]} {[%emt
00:00:48]} 40. Kf1 {[%clk 00:12:11]} {[%emt 00:02:36]} Qa7 {[%clk 00:58:20]}
{[%emt 00:00:14]} 41. Bf3 {[%clk 00:12:08]} {[%emt 00:00:31]} Qa6 {[%clk
00:58:35]} {[%emt 00:00:16]} 42. Ke2 {[%clk 00:11:48]} {[%emt 00:00:49]} Qb5
{[%clk 00:58:09]} {[%emt 00:00:57]} 43. Bg2 {[%clk 00:09:41]} {[%emt 00:02:37]}
h6 {[%clk 00:56:37]} {[%emt 00:02:03]} 44. Bf3 {[%clk 00:08:05]} {[%emt
00:02:06]} Kg7 {[%clk 00:56:38]}  1/2-1/2

[Event "1st 4NCL Easter Congress"]
[Site "Stevenage"]
[Date "2019.04.22"]
[Round "7"]
[Board "19"]
[White "Ross, Stuart"]
[Black "Vaidya, Raghav"]
[Result "0-1"]
[WhiteElo "1620"]
[BlackElo "1438"]
[PlyCount "0"]
[EventDate "2019.04.19"]
[EventRounds "7"]
[EventCountry "ENG"]

1. e4 {[%clk 01:30:54]} {[%emt 00:00:06]} c5 {[%clk 01:30:56]} 2. Nf3 {[%clk
01:31:12]} Nc6 {[%clk 01:31:09]} 3. d4 {[%clk 01:31:30]} cxd4 {[%clk 01:31:27]}
4. Nxd4 {[%clk 01:31:47]} Nf6 5. Nc3 {[%clk 01:31:42]} e5 {[%clk 01:31:30]} 6.
Ndb5 {[%clk 01:31:47]} d6 {[%clk 01:31:42]} 7. Bg5 {[%clk 01:31:49]} a6 {[%clk
01:31:22]} 8. Na3 {[%clk 01:31:39]} b5 {[%clk 01:31:44]} {[%emt 00:00:02]} 9.
Nd5 {[%clk 01:31:53]} {[%emt 00:00:15]} Be7 {[%clk 01:31:34]} {[%emt 00:00:41]}
10. Bxf6 {[%clk 01:31:53]} {[%emt 00:00:29]} Bxf6 {[%clk 01:31:46]} {[%emt
00:00:18]} 11. c3 {[%clk 01:31:55]} {[%emt 00:00:28]} Bg5 {[%clk 01:31:58]}
{[%emt 00:00:19]} 12. Nc2 {[%clk 01:31:34]} {[%emt 00:00:51]} Rb8 {[%clk
01:32:08]} {[%emt 00:00:20]} 13. a4 {[%clk 01:24:32]} {[%emt 00:07:31]} bxa4
{[%clk 01:32:29]} {[%emt 00:00:10]} 14. Rxa4 {[%clk 01:24:40]} {[%emt
00:00:21]} a5 {[%clk 01:24:52]} {[%emt 00:08:04]} 15. b4 {[%clk 01:18:08]}
{[%emt 00:07:04]} axb4 {[%clk 01:22:56]} {[%emt 00:02:27]} 16. cxb4 {[%clk
01:17:21]} {[%emt 00:01:16]} O-O {[%clk 01:19:18]} {[%emt 00:04:09]} 17. Be2
{[%clk 01:12:53]} {[%emt 00:04:57]} Ne7 {[%clk 01:17:50]} {[%emt 00:01:58]} 18.
O-O {[%clk 01:06:35]} {[%emt 00:06:49]} Nxd5 {[%clk 01:17:16]} {[%emt
00:01:03]} 19. Qxd5 {[%clk 01:03:00]} {[%emt 00:04:05]} Be6 {[%clk 01:17:01]}
{[%emt 00:00:45]} 20. Qa5 {[%clk 01:01:39]} {[%emt 00:01:50]} Bb3 {[%clk
01:16:40]} {[%emt 00:00:54]} 21. Ra2 {[%clk 00:55:59]} {[%emt 00:06:08]} Qxa5
{[%clk 01:16:47]} {[%emt 00:00:25]} 22. Rxa5 {[%clk 00:56:02]} {[%emt
00:00:26]} Bxc2 {[%clk 01:17:07]} {[%emt 00:00:11]} 23. Rc1 {[%clk 00:55:59]}
{[%emt 00:00:32]}  0-1